000 00446nam a22001577a 4500
005 20180519091505.0
008 180519b xxu||||| |||| 00| 0 eng d
020 _a9789881545237
040 _cPK-LaUMT
082 _a712
_bHAR-
245 _aHarmony between architecture & scenery /
_cedited by Luc Wagner and Jorg Weber
260 _aHong Kong :
_bDesign Media Publishing,
_c2013
300 _a271 p.
650 _aArchitecture
942 _cBK
999 _c104839
_d104839